[Event "Villarobledo Online Qualifyer"]
[Site "playchess.com #155672"]
[Date "2009.05.23"]
[Round "6"]
[White "Altruder"]
[Black "Lacryma"]
[Result "0-1"]
[WhiteElo "1691"]
[BlackElo "1818"]
[PlyCount "82"]
[EventDate "2009.05.23"]
[EventType "swiss (blitz)"]

1. d4 {[%emt 0:00:01]} f5 {[%emt 0:00:02]} 2. g3 {[%emt 0:00:03]} Nf6 {[%emt 0:
00:03]} 3. Bg2 {[%emt 0:00:01]} g6 {[%emt 0:00:01]} 4. Nf3 {[%emt 0:00:01]} Bg7
{[%emt 0:00:01]} 5. O-O {[%emt 0:00:01]} O-O {[%emt 0:00:01]} 6. c4 {[%emt 0:
00:01]} d6 {[%emt 0:00:01]} 7. d5 {[%emt 0:00:02]} a5 {[%emt 0:00:02]} 8. Nc3 {
[%emt 0:00:02]} Qe8 {[%emt 0:00:01]} 9. b3 {[%emt 0:00:01]} Ne4 {[%emt 0:00:29]
} 10. Nxe4 {[%emt 0:00:44]} Bxa1 {[%emt 0:00:04]} 11. Neg5 {[%emt 0:00:09]} c5
{[%emt 0:00:02]} 12. Qc2 {[%emt 0:00:05]} Bf6 {[%emt 0:00:11]} 13. Bb2 {[%emt
0:00:02]} Na6 {[%emt 0:00:06]} 14. a3 {[%emt 0:00:02]} h6 {[%emt 0:00:04]} 15.
Ne6 {[%emt 0:00:02]} Bxe6 {[%emt 0:00:02]} 16. dxe6 {[%emt 0:00:00]} Qc8 {
[%emt 0:00:09]} 17. Bxf6 {[%emt 0:00:09]} Rxf6 {[%emt 0:00:02]} 18. Nh4 {[%emt
0:00:07]} Rb8 {[%emt 0:00:07]} 19. Bd5 {[%emt 0:00:02]} Nc7 {[%emt 0:00:10]}
20. e4 {[%emt 0:00:02]} Nxd5 {[%emt 0:00:12]} 21. exd5 {[%emt 0:00:01]} b5 {
[%emt 0:00:03]} 22. Qd2 {[%emt 0:00:09]} Kg7 {[%emt 0:00:11]} 23. Qxa5 {[%emt
0:00:02]} bxc4 {[%emt 0:00:02]} 24. bxc4 {[%emt 0:00:01]} f4 {[%emt 0:00:13]}
25. f3 {[%emt 0:00:31]} fxg3 {[%emt 0:00:03]} 26. hxg3 {[%emt 0:00:02]} Qb7 {
[%emt 0:00:01]} 27. a4 {[%emt 0:00:26]} Qb6 {[%emt 0:00:09]} 28. Qb5 {[%emt 0:
00:04]} Qa7 {[%emt 0:00:06]} 29. Qc6 {[%emt 0:00:11]} Rb6 {[%emt 0:00:07]} 30.
Qc8 {[%emt 0:00:16]} Rf8 {[%emt 0:00:05]} 31. Qd7 {[%emt 0:00:03]} Qxd7 {[%emt
0:00:03]} 32. exd7 {[%emt 0:00:00]} Rb7 {[%emt 0:00:01]} 33. Ra1 {[%emt 0:00:
07]} Rxd7 {[%emt 0:00:02]} 34. f4 {[%emt 0:00:01]} Ra7 {[%emt 0:00:02]} 35. Nf3
{[%emt 0:00:06]} Rfa8 {[%emt 0:00:03]} 36. Re1 {[%emt 0:00:02]} Kf7 {[%emt 0:
00:04]} 37. Re6 {[%emt 0:00:03]} Rxa4 {[%emt 0:00:05]} 38. Nh4 {[%emt 0:00:01]}
Rxc4 {[%emt 0:00:12]} 39. Rxg6 {[%emt 0:00:04]} Rc2 {[%emt 0:00:02]} 40. Ng2 {
[%emt 0:00:25]} Ra1+ {[%emt 0:00:05]} 41. Ne1 {[%emt 0:00:00]} Rxe1# {[%emt 0:
00:04]} 0-1

[Event "Villarobledo Online Qualifyer"]
[Site "playchess.com #155672"]
[Date "2009.05.23"]
[Round "6"]
[White "Musterlukas"]
[Black "Manza"]
[Result "1-0"]
[WhiteElo "1678"]
[BlackElo "1555"]
[PlyCount "91"]
[EventDate "2009.05.23"]
[EventType "swiss (blitz)"]

1. d4 {[%emt 0:00:03]} Nf6 {[%emt 0:00:02]} 2. c4 {[%emt 0:00:01]} g6 {[%emt 0:
00:03]} 3. Nc3 {[%emt 0:00:02]} d6 {[%emt 0:00:02]} 4. e4 {[%emt 0:00:01]} Bg7
{[%emt 0:00:04]} 5. Nf3 {[%emt 0:00:02]} Nbd7 {[%emt 0:00:01]} 6. Be2 {[%emt 0:
00:01]} e5 {[%emt 0:00:01]} 7. d5 {[%emt 0:00:02]} O-O {[%emt 0:00:01]} 8. b4 {
[%emt 0:00:03]} Nb6 {[%emt 0:00:09]} 9. O-O {[%emt 0:00:05]} c6 {[%emt 0:00:03]
} 10. Qb3 {[%emt 0:00:12]} Nfd7 {[%emt 0:00:26]} 11. Be3 {[%emt 0:00:07]} c5 {
[%emt 0:00:06]} 12. bxc5 {[%emt 0:00:08]} Nxc5 {[%emt 0:00:02]} 13. Bxc5 {
[%emt 0:00:10]} dxc5 {[%emt 0:00:01]} 14. Rad1 {[%emt 0:00:04]} Qd6 {[%emt 0:
00:08]} 15. a4 {[%emt 0:00:02]} a5 {[%emt 0:00:07]} 16. Nb5 {[%emt 0:00:03]}
Qe7 {[%emt 0:00:12]} 17. d6 {[%emt 0:00:03]} Qe6 {[%emt 0:00:06]} 18. Nc7 {
[%emt 0:00:03]} Qg4 {[%emt 0:00:21]} 19. Qxb6 {[%emt 0:00:06]} Rb8 {[%emt 0:00:
11]} 20. Rfe1 {[%emt 0:00:19]} Bd7 {[%emt 0:00:24]} 21. Nd2 {[%emt 0:00:06]}
Qg5 {[%emt 0:00:06]} 22. Qxa5 {[%emt 0:00:09]} Bc6 {[%emt 0:00:06]} 23. Qxc5 {
[%emt 0:00:12]} Rfd8 {[%emt 0:00:02]} 24. Nd5 {[%emt 0:00:05]} Bf8 {[%emt 0:00:
04]} 25. Ne7+ {[%emt 0:00:05]} Bxe7 {[%emt 0:00:06]} 26. dxe7 {[%emt 0:00:02]}
Re8 {[%emt 0:00:01]} 27. Nf3 {[%emt 0:00:04]} Qxe7 {[%emt 0:00:03]} 28. Qxe7 {
[%emt 0:00:02]} Rxe7 {[%emt 0:00:01]} 29. Bf1 {[%emt 0:00:03]} Bxa4 {[%emt 0:
00:05]} 30. Rd5 {[%emt 0:00:03]} Bc6 {[%emt 0:00:01]} 31. Rxe5 {[%emt 0:00:02]}
Rxe5 {[%emt 0:00:03]} 32. Nxe5 {[%emt 0:00:02]} Re8 {[%emt 0:00:00]} 33. Nxc6 {
[%emt 0:00:02]} bxc6 {[%emt 0:00:00]} 34. f3 {[%emt 0:00:01]} c5 {[%emt 0:00:
21]} 35. Rd1 {[%emt 0:00:02]} Re5 {[%emt 0:00:06]} 36. Rd5 {[%emt 0:00:02]}
Rxd5 {[%emt 0:00:02]} 37. exd5 {[%emt 0:00:01]} f5 {[%emt 0:00:02]} 38. Kf2 {
[%emt 0:00:02]} Kf7 {[%emt 0:00:01]} 39. h4 {[%emt 0:00:02]} h6 {[%emt 0:00:02]
} 40. Ke3 {[%emt 0:00:01]} Kf6 {[%emt 0:00:01]} 41. g4 {[%emt 0:00:01]} Ke5 {
[%emt 0:00:03]} 42. f4+ {[%emt 0:00:03]} Kd6 {[%emt 0:00:02]} 43. gxf5 {[%emt
0:00:01]} gxf5 {[%emt 0:00:01]} 44. Bd3 {[%emt 0:00:04]} Ke7 {[%emt 0:00:03]}
45. Bxf5 {[%emt 0:00:01]} Kf6 {[%emt 0:00:01]} 46. Bh3 {[%emt 0:00:02] Manza
rinde} 1-0

[Event "Villarobledo Online Qualifyer"]
[Site "playchess.com #155672"]
[Date "2009.05.23"]
[Round "6"]
[White "Peterdrost"]
[Black "Yang Guo"]
[Result "0-1"]
[WhiteElo "2248"]
[BlackElo "2862"]
[PlyCount "68"]
[EventDate "2009.05.23"]
[EventType "swiss (blitz)"]

1. d4 {[%emt 0:00:01]} Nf6 {[%emt 0:00:01]} 2. c4 {[%emt 0:00:01]} Nc6 {[%emt
0:00:01]} 3. Nf3 {[%emt 0:00:23]} e6 {[%emt 0:00:02]} 4. Nc3 {[%emt 0:00:02]}
Bb4 {[%emt 0:00:02]} 5. Qc2 {[%emt 0:00:03]} d6 {[%emt 0:00:03]} 6. a3 {[%emt
0:00:05]} Bxc3+ {[%emt 0:00:05]} 7. Qxc3 {[%emt 0:00:00]} Qe7 {[%emt 0:00:01]}
8. Bg5 {[%emt 0:00:07]} h6 {[%emt 0:00:02]} 9. Bh4 {[%emt 0:00:03]} g5 {[%emt
0:00:06]} 10. Bg3 {[%emt 0:00:01]} Ne4 {[%emt 0:00:01]} 11. Qc2 {[%emt 0:00:02]
} f5 {[%emt 0:00:02]} 12. e3 {[%emt 0:00:03]} h5 {[%emt 0:00:12]} 13. h4 {
[%emt 0:00:08]} g4 {[%emt 0:00:03]} 14. Nd2 {[%emt 0:00:12]} Nxg3 {[%emt 0:00:
02]} 15. fxg3 {[%emt 0:00:00]} Bd7 {[%emt 0:00:05]} 16. Bd3 {[%emt 0:00:02]}
O-O-O {[%emt 0:00:02]} 17. b4 {[%emt 0:00:04]} Qf6 {[%emt 0:00:04]} 18. b5 {
[%emt 0:00:04]} Ne7 {[%emt 0:00:01]} 19. O-O {[%emt 0:00:05]} e5 {[%emt 0:00:
11]} 20. Nb3 {[%emt 0:00:14]} Kb8 {[%emt 0:00:06]} 21. c5 {[%emt 0:00:02]} Nd5
{[%emt 0:00:21]} 22. Rae1 {[%emt 0:00:10]} f4 {[%emt 0:00:24]} 23. dxe5 {[%emt
0:00:12]} dxe5 {[%emt 0:00:02]} 24. exf4 {[%emt 0:00:07]} exf4 {[%emt 0:00:02]}
25. c6 {[%emt 0:00:12]} Bc8 {[%emt 0:00:06]} 26. Nc5 {[%emt 0:00:14]} Qd4+ {
[%emt 0:00:07]} 27. Kh1 {[%emt 0:00:03]} Ne3 {[%emt 0:00:23]} 28. Rxe3 {[%emt
0:00:09]} Qxe3 {[%emt 0:00:05]} 29. cxb7 {[%emt 0:00:05]} Bxb7 {[%emt 0:00:14]}
30. Rxf4 {[%emt 0:00:22]} Rxd3 {[%emt 0:00:26]} 31. Nxd3 {[%emt 0:00:11]} Be4 {
[%emt 0:00:10]} 32. Rf7 {[%emt 0:00:15]} Qxg3 {[%emt 0:00:11]} 33. Qb2 {[%emt
0:00:17]} Rd8 {[%emt 0:00:10]} 34. Nf2 {[%emt 0:00:00]} Qxg2# {[%emt 0:00:03]}
0-1

[Event "Villarobledo Online Qualifyer"]
[Site "playchess.com #155672"]
[Date "2009.05.23"]
[Round "6"]
[White "Secondwind"]
[Black "Steflenicois"]
[Result "0-1"]
[WhiteElo "2335"]
[BlackElo "2493"]
[PlyCount "80"]
[EventDate "2009.05.23"]
[EventType "swiss (blitz)"]

1. c4 {[%emt 0:00:02]} c6 {[%emt 0:00:01]} 2. d4 {[%emt 0:00:02]} d5 {[%emt 0:
00:01]} 3. Nf3 {[%emt 0:00:01]} Nf6 {[%emt 0:00:01]} 4. e3 {[%emt 0:00:01]} e6
{[%emt 0:00:02]} 5. Nc3 {[%emt 0:00:01]} Nbd7 {[%emt 0:00:00]} 6. Qc2 {[%emt 0:
00:01]} Bd6 {[%emt 0:00:01]} 7. g4 {[%emt 0:00:03]} Nxg4 {[%emt 0:00:08]} 8.
Rg1 {[%emt 0:00:02]} f5 {[%emt 0:00:00]} 9. h3 {[%emt 0:00:07]} Ngf6 {[%emt 0:
00:01]} 10. Rxg7 {[%emt 0:00:02]} Bf8 {[%emt 0:00:00]} 11. Rg1 {[%emt 0:00:01]}
Ne4 {[%emt 0:00:09]} 12. Bd2 {[%emt 0:00:28]} Bd6 {[%emt 0:00:06]} 13. Rg2 {
[%emt 0:00:15]} Ndf6 {[%emt 0:00:02]} 14. O-O-O {[%emt 0:00:04]} Bd7 {[%emt 0:
00:09]} 15. Be1 {[%emt 0:00:08]} Qe7 {[%emt 0:00:09]} 16. Kb1 {[%emt 0:00:03]}
O-O-O {[%emt 0:00:03]} 17. Qa4 {[%emt 0:00:21]} Kb8 {[%emt 0:00:02]} 18. c5 {
[%emt 0:00:02]} Bc7 {[%emt 0:00:02]} 19. Rd3 {[%emt 0:00:14]} Rhg8 {[%emt 0:00:
09]} 20. Rxg8 {[%emt 0:00:16]} Rxg8 {[%emt 0:00:00]} 21. Nd1 {[%emt 0:00:19]}
Ng5 {[%emt 0:00:10]} 22. Ne5 {[%emt 0:00:10]} Bxe5 {[%emt 0:00:12]} 23. dxe5 {
[%emt 0:00:01]} Nfe4 {[%emt 0:00:01]} 24. b4 {[%emt 0:00:07]} Nf3 {[%emt 0:00:
07]} 25. Ra3 {[%emt 0:00:07]} a6 {[%emt 0:01:11] '} 26. Bxa6 {[%emt 0:00:02]}
Bc8 {[%emt 0:00:08]} 27. Be2 {[%emt 0:00:25]} Nxe1 {[%emt 0:00:06]} 28. Qa7+ {
[%emt 0:00:01]} Kc7 {[%emt 0:00:01]} 29. Qb6+ {[%emt 0:00:00]} Kd7 {[%emt 0:00:
01]} 30. Ra8 {[%emt 0:00:03]} Qd8 {[%emt 0:00:14]} 31. Qa7 {[%emt 0:00:06]} Qc7
{[%emt 0:00:05]} 32. Nb2 {[%emt 0:00:08]} Qxe5 {[%emt 0:00:08]} 33. Na4 {[%emt
0:00:15]} Nc3+ {[%emt 0:00:02]} 34. Kc1 {[%emt 0:00:04]} Nxa4 {[%emt 0:00:07]}
35. Qxa4 {[%emt 0:00:00]} Qc3+ {[%emt 0:00:01]} 36. Kd1 {[%emt 0:00:01]} Rg1 {
[%emt 0:00:01]} 37. Rxc8 {[%emt 0:00:02]} Nd3+ {[%emt 0:00:02]} 38. Bf1 {[%emt
0:00:01]} Rxf1+ {[%emt 0:00:05]} 39. Ke2 {[%emt 0:00:01]} Rxf2+ {[%emt 0:00:00]
} 40. Kd1 {[%emt 0:00:02]} Qc1# {[%emt 0:00:00]} 0-1

[Event "Villarobledo Online Qualifyer"]
[Site "playchess.com #155672"]
[Date "2009.05.23"]
[Round "6"]
[White "Ozmarabagi"]
[Black "CubaChessPraxis"]
[Result "1-0"]
[WhiteElo "1821"]
[BlackElo "2153"]
[PlyCount "87"]
[EventDate "2009.05.23"]
[EventType "swiss (blitz)"]

1. d4 {[%emt 0:00:05]} f5 {[%emt 0:00:02]} 2. Nc3 {[%emt 0:00:07]} d5 {[%emt 0:
00:02]} 3. Bg5 {[%emt 0:00:05]} Nf6 {[%emt 0:00:02]} 4. e3 {[%emt 0:00:05]} c6
{[%emt 0:00:02]} 5. Nf3 {[%emt 0:00:06]} Be6 {[%emt 0:00:04]} 6. Bd3 {[%emt 0:
00:06]} Nbd7 {[%emt 0:00:05]} 7. Bf4 {[%emt 0:00:05]} g6 {[%emt 0:00:04]} 8.
Ng5 {[%emt 0:00:05]} Bg8 {[%emt 0:00:02]} 9. O-O {[%emt 0:00:05]} h6 {[%emt 0:
00:02]} 10. Nf3 {[%emt 0:00:05]} g5 {[%emt 0:00:10]} 11. Bg3 {[%emt 0:00:05]}
e6 {[%emt 0:00:04]} 12. a4 {[%emt 0:00:05]} Bf7 {[%emt 0:00:02]} 13. Qd2 {
[%emt 0:00:06]} Bg7 {[%emt 0:00:02]} 14. Be2 {[%emt 0:00:05]} O-O {[%emt 0:00:
02]} 15. Bd6 {[%emt 0:00:06]} Re8 {[%emt 0:00:02]} 16. Ne5 {[%emt 0:00:04]} Bh5
{[%emt 0:00:12]} 17. f3 {[%emt 0:00:05]} Nf8 {[%emt 0:00:23]} 18. Bb4 {[%emt 0:
00:07]} N6d7 {[%emt 0:00:02]} 19. Nxd7 {[%emt 0:00:05]} Qxd7 {[%emt 0:00:05]}
20. Bd3 {[%emt 0:00:05]} e5 {[%emt 0:00:06]} 21. Ne2 {[%emt 0:00:05]} e4 {
[%emt 0:00:04]} 22. fxe4 {[%emt 0:00:05]} fxe4 {[%emt 0:00:04]} 23. Ng3 {[%emt
0:00:05]} Bg6 {[%emt 0:00:04]} 24. Be2 {[%emt 0:00:05]} Nh7 {[%emt 0:00:05]}
25. Nh5 {[%emt 0:00:05]} Bf8 {[%emt 0:00:08]} 26. c4 {[%emt 0:00:06]} Bxb4 {
[%emt 0:00:04]} 27. Qxb4 {[%emt 0:00:06]} Rf8 {[%emt 0:00:00]} 28. cxd5 {[%emt
0:00:05]} cxd5 {[%emt 0:00:03]} 29. Ng3 {[%emt 0:00:05]} a6 {[%emt 0:00:06]}
30. Qb6 {[%emt 0:00:06]} Kg7 {[%emt 0:00:06]} 31. a5 {[%emt 0:00:05]} Rxf1+ {
[%emt 0:00:04]} 32. Rxf1 {[%emt 0:00:06]} Rf8 {[%emt 0:00:00]} 33. Rc1 {[%emt
0:00:06]} Rc8 {[%emt 0:00:07]} 34. Rxc8 {[%emt 0:00:05]} Qxc8 {[%emt 0:00:02]}
35. Qd6 {[%emt 0:00:03]} Qg8 {[%emt 0:00:37]} 36. Bh5 {[%emt 0:00:06]} Nf6 {
[%emt 0:00:07]} 37. Nf5+ {[%emt 0:00:12]} Bxf5 {[%emt 0:00:20]} 38. Qe7+ {
[%emt 0:00:05]} Kh8 {[%emt 0:00:10]} 39. Qxf6+ {[%emt 0:00:03]} Qg7 {[%emt 0:
00:01]} 40. Qxf5 {[%emt 0:00:02]} Qc7 {[%emt 0:00:09]} 41. Qf6+ {[%emt 0:00:06]
} Qg7 {[%emt 0:00:05]} 42. Qxg7+ {[%emt 0:00:02]} Kxg7 {[%emt 0:00:02]} 43. Kf2
{[%emt 0:00:01]} Kf6 {[%emt 0:00:01]} 44. Bg4 {[%emt 0:00:01] CubaChessPraxis
rinde} 1-0

[Event "Villarobledo Online Qualifyer"]
[Site "playchess.com #155672"]
[Date "2009.05.23"]
[Round "6"]
[White "Chofis"]
[Black "Kakaku"]
[Result "0-1"]
[WhiteElo "1622"]
[BlackElo "1854"]
[PlyCount "110"]
[EventDate "2009.05.23"]
[EventType "swiss (blitz)"]

1. e4 {[%emt 0:00:02]} c6 {[%emt 0:00:03]} 2. d4 {[%emt 0:00:02]} d5 {[%emt 0:
00:01]} 3. e5 {[%emt 0:00:02]} c5 {[%emt 0:00:02]} 4. c3 {[%emt 0:00:02]} Nc6 {
[%emt 0:00:03]} 5. Nf3 {[%emt 0:00:04]} Bg4 {[%emt 0:00:02]} 6. Be2 {[%emt 0:
00:01]} Bxf3 {[%emt 0:00:04]} 7. Bxf3 {[%emt 0:00:02]} cxd4 {[%emt 0:00:00]} 8.
cxd4 {[%emt 0:00:01]} e6 {[%emt 0:00:01]} 9. O-O {[%emt 0:00:04]} Qb6 {[%emt 0:
00:01]} 10. Be3 {[%emt 0:00:03]} Qxb2 {[%emt 0:00:03]} 11. Nd2 {[%emt 0:00:04]}
Qb6 {[%emt 0:00:01]} 12. Rb1 {[%emt 0:00:03]} Qc7 {[%emt 0:00:02]} 13. Nb3 {
[%emt 0:00:02]} Ba3 {[%emt 0:00:15]} 14. Qe2 {[%emt 0:00:03]} Nge7 {[%emt 0:00:
09]} 15. g4 {[%emt 0:00:02]} O-O {[%emt 0:00:14]} 16. h4 {[%emt 0:00:02]} f5 {
[%emt 0:00:05]} 17. exf6 {[%emt 0:00:07]} Rxf6 {[%emt 0:00:04]} 18. Bg5 {[%emt
0:00:07]} Rg6 {[%emt 0:00:08]} 19. Qd2 {[%emt 0:00:17]} h6 {[%emt 0:00:13]} 20.
Bf4 {[%emt 0:00:04]} Qd7 {[%emt 0:00:28]} 21. Nc5 {[%emt 0:00:07]} Bxc5 {[%emt
0:00:03]} 22. dxc5 {[%emt 0:00:01]} e5 {[%emt 0:00:14]} 23. Bg3 {[%emt 0:00:03]
} Nd4 {[%emt 0:00:17]} 24. Bd1 {[%emt 0:00:06]} Nec6 {[%emt 0:00:36]} 25. Re1 {
[%emt 0:00:05]} e4 {[%emt 0:00:06]} 26. Rb4 {[%emt 0:00:19]} Nxb4 {[%emt 0:00:
16]} 27. Qxd4 {[%emt 0:00:02]} Nc6 {[%emt 0:00:12]} 28. Qe3 {[%emt 0:00:06]}
Re8 {[%emt 0:00:04]} 29. h5 {[%emt 0:00:03]} Rf6 {[%emt 0:00:02]} 30. g5 {
[%emt 0:00:05]} d4 {[%emt 0:00:02]} 31. Qb3+ {[%emt 0:00:03]} Rfe6 {[%emt 0:00:
03]} 32. Bg4 {[%emt 0:00:02]} d3 {[%emt 0:00:03]} 33. Rxe4 {[%emt 0:00:05]} Nd4
{[%emt 0:00:04]} 34. Rxd4 {[%emt 0:00:07]} Qxd4 {[%emt 0:00:03]} 35. Bxe6+ {
[%emt 0:00:01]} Kh8 {[%emt 0:00:01]} 36. gxh6 {[%emt 0:00:03]} d2 {[%emt 0:00:
03]} 37. hxg7+ {[%emt 0:00:02]} Kxg7 {[%emt 0:00:01]} 38. Qxb7+ {[%emt 0:00:03]
} Kh6 {[%emt 0:00:04]} 39. Qf7 {[%emt 0:00:19] .} d1=Q+ {[%emt 0:00:02]} 40.
Kg2 {[%emt 0:00:02]} Qe4+ {[%emt 0:00:01]} 41. f3 {[%emt 0:00:06]} Qee2+ {
[%emt 0:00:02]} 42. Bf2 {[%emt 0:00:01]} Qdf1+ {[%emt 0:00:02]} 43. Kg3 {[%emt
0:00:01]} Qfxf2+ {[%emt 0:00:01]} 44. Kg4 {[%emt 0:00:02]} Qxe6+ {[%emt 0:00:
01]} 45. Qxe6+ {[%emt 0:00:03]} Rxe6 {[%emt 0:00:00]} 46. Kf4 {[%emt 0:00:01]}
Rf6+ {[%emt 0:00:02]} 47. Ke4 {[%emt 0:00:01]} Qxf3+ {[%emt 0:00:00]} 48. Ke5 {
[%emt 0:00:01]} Qf4+ {[%emt 0:00:02]} 49. Kd5 {[%emt 0:00:01]} Qf5+ {[%emt 0:
00:03]} 50. Kc4 {[%emt 0:00:01]} Rc6 {[%emt 0:00:01]} 51. a3 {[%emt 0:00:02]}
Qxc5+ {[%emt 0:00:00]} 52. Kd3 {[%emt 0:00:01]} Re6 {[%emt 0:00:04]} 53. Kd2 {
[%emt 0:00:02]} Re3 {[%emt 0:00:01]} 54. a4 {[%emt 0:00:02]} Qc3+ {[%emt 0:00:
01]} 55. Kd1 {[%emt 0:00:01]} Re1# {[%emt 0:00:01]} 0-1

[Event "Villarobledo Online Qualifyer"]
[Site "playchess.com #155672"]
[Date "2009.05.23"]
[Round "6"]
[White "Master--Sim"]
[Black "Markus Lammers"]
[Result "1-0"]
[WhiteElo "2041"]
[BlackElo "2511"]
[PlyCount "79"]
[EventDate "2009.05.23"]
[EventType "swiss (blitz)"]

1. d4 {[%emt 0:00:04]} Nf6 {[%emt 0:00:01]} 2. Nf3 {[%emt 0:00:02]} e6 {[%emt
0:00:01]} 3. Bf4 {[%emt 0:00:02]} b6 {[%emt 0:00:03]} 4. e3 {[%emt 0:00:02]}
Bb7 {[%emt 0:00:02]} 5. Be2 {[%emt 0:00:05]} Be7 {[%emt 0:00:01]} 6. h3 {[%emt
0:00:03]} O-O {[%emt 0:00:01]} 7. Nbd2 {[%emt 0:00:03]} c5 {[%emt 0:00:00]} 8.
c3 {[%emt 0:00:02]} d5 {[%emt 0:00:01]} 9. O-O {[%emt 0:00:04]} Nc6 {[%emt 0:
00:02]} 10. Ne5 {[%emt 0:00:02]} Nxe5 {[%emt 0:00:02]} 11. Bxe5 {[%emt 0:00:00]
} Bd6 {[%emt 0:00:03]} 12. Nf3 {[%emt 0:00:02]} Qe7 {[%emt 0:00:10]} 13. a4 {
[%emt 0:00:03]} a6 {[%emt 0:00:03]} 14. b3 {[%emt 0:00:12]} Rac8 {[%emt 0:00:
03]} 15. Rc1 {[%emt 0:00:01]} Rc7 {[%emt 0:00:06]} 16. c4 {[%emt 0:00:13]} Rfc8
{[%emt 0:00:07]} 17. cxd5 {[%emt 0:00:03]} Nxd5 {[%emt 0:00:05]} 18. Qd2 {
[%emt 0:00:07]} cxd4 {[%emt 0:00:08]} 19. Bxd4 {[%emt 0:00:09]} Bb4 {[%emt 0:
00:08]} 20. Qb2 {[%emt 0:00:03]} Ba3 {[%emt 0:00:18]} 21. Rxc7 {[%emt 0:00:04]}
Rxc7 {[%emt 0:00:02]} 22. Qa1 {[%emt 0:00:04]} f6 {[%emt 0:00:18]} 23. Bb2 {
[%emt 0:00:07]} Bxb2 {[%emt 0:00:08]} 24. Qxb2 {[%emt 0:00:00]} Qc5 {[%emt 0:
00:08]} 25. Bc4 {[%emt 0:00:09]} b5 {[%emt 0:00:07]} 26. axb5 {[%emt 0:00:01]}
axb5 {[%emt 0:00:01]} 27. Be2 {[%emt 0:00:03]} Nc3 {[%emt 0:00:09]} 28. Nd4 {
[%emt 0:00:12]} e5 {[%emt 0:00:24]} 29. Nf5 {[%emt 0:00:19]} Be4 {[%emt 0:00:
10]} 30. Ng3 {[%emt 0:00:05]} Bg6 {[%emt 0:00:03]} 31. Ra1 {[%emt 0:00:03]} h6
{[%emt 0:00:16]} 32. Ra8+ {[%emt 0:00:13]} Kh7 {[%emt 0:00:01]} 33. Rb8 {[%emt
0:00:02]} Qb4 {[%emt 0:00:15]} 34. Bh5 {[%emt 0:00:18]} Bd3 {[%emt 0:00:13]}
35. Kh2 {[%emt 0:00:13]} e4 {[%emt 0:00:02]} 36. Bg4 {[%emt 0:00:09]} Qd6 {
[%emt 0:00:02]} 37. Qa1 {[%emt 0:00:18]} g6 {[%emt 0:00:16]} 38. Qa8 {[%emt 0:
00:02]} h5 {[%emt 0:00:11]} 39. Rh8+ {[%emt 0:00:02]} Kg7 {[%emt 0:00:01]} 40.
Qg8# {[%emt 0:00:01]} 1-0

[Event "Villarobledo Online Qualifyer"]
[Site "playchess.com #155672"]
[Date "2009.05.23"]
[Round "6"]
[White "Freuds"]
[Black "Torre repetto 2"]
[Result "0-1"]
[WhiteElo "1498"]
[BlackElo "1627"]
[PlyCount "68"]
[EventDate "2009.05.23"]
[EventType "swiss (blitz)"]

1. e4 {[%emt 0:00:01]} c5 {[%emt 0:00:05]} 2. Nf3 {[%emt 0:00:01]} e6 {[%emt 0:
00:03]} 3. d4 {[%emt 0:00:01]} cxd4 {[%emt 0:00:03]} 4. Nxd4 {[%emt 0:00:02]}
Nc6 {[%emt 0:00:01]} 5. Be2 {[%emt 0:00:02]} d6 {[%emt 0:00:03]} 6. Nc3 {[%emt
0:00:19]} a6 {[%emt 0:00:03]} 7. Be3 {[%emt 0:00:02]} e5 {[%emt 0:00:12]} 8.
Nb3 {[%emt 0:00:05]} Be6 {[%emt 0:00:06]} 9. O-O {[%emt 0:00:09]} Nf6 {[%emt 0:
00:01]} 10. f4 {[%emt 0:00:13]} exf4 {[%emt 0:00:02]} 11. Bxf4 {[%emt 0:00:02]}
Be7 {[%emt 0:00:01]} 12. Qe1 {[%emt 0:00:17]} O-O {[%emt 0:00:12]} 13. Rd1 {
[%emt 0:00:03]} Qb6+ {[%emt 0:00:20]} 14. Kh1 {[%emt 0:00:16]} Rfd8 {[%emt 0:
00:12]} 15. Qg3 {[%emt 0:00:05]} g6 {[%emt 0:00:16]} 16. Be3 {[%emt 0:00:22]}
Qc7 {[%emt 0:00:09]} 17. Nd4 {[%emt 0:00:03]} Ne5 {[%emt 0:00:13]} 18. Nxe6 {
[%emt 0:00:05]} fxe6 {[%emt 0:00:02]} 19. Bg5 {[%emt 0:00:22]} Rf8 {[%emt 0:00:
06]} 20. Qh3 {[%emt 0:00:13]} Qd7 {[%emt 0:00:23]} 21. Rf4 {[%emt 0:00:23]} b5
{[%emt 0:00:35]} 22. Rh4 {[%emt 0:00:02]} Rf7 {[%emt 0:00:12]} 23. Rf1 {[%emt
0:00:08]} Raf8 {[%emt 0:00:03]} 24. Nd1 {[%emt 0:00:02]} Nxe4 {[%emt 0:00:11]}
25. Rhf4 {[%emt 0:00:03]} Rxf4 {[%emt 0:00:02]} 26. Rxf4 {[%emt 0:00:02]} Rxf4
{[%emt 0:00:01]} 27. Bxf4 {[%emt 0:00:01]} Nf6 {[%emt 0:00:07]} 28. Ne3 {[%emt
0:00:03] Freuds propose la nulle} Ne4 {[%emt 0:00:06]} 29. Bf3 {[%emt 0:00:02]}
Nf2+ {[%emt 0:00:01]} 30. Kg1 {[%emt 0:00:02]} Nxh3+ {[%emt 0:00:00]} 31. gxh3
{[%emt 0:00:01]} Nxf3+ {[%emt 0:00:00]} 32. Kf2 {[%emt 0:00:00]} Ne5 {[%emt 0:
00:00]} 33. Nd1 {[%emt 0:00:05]} Nf7 {[%emt 0:00:01]} 34. Nc3 {[%emt 0:00:01]}
e5 {[%emt 0:00:01] Freuds abandonne} 0-1